Jitřní ptáci / Urbano Tavares Rodrigues ; Z portug. originálů As Aves da Madrugada, As Máscaras Finais a Terra Ocupada přel. a pozn. o autorovi naps. Pavla Lidmilová
Výbor z novelistické tvorby portugalského spisovatele (nar. 1923), zahrnující tři prózy. V novele "Jitřní ptáci" líčí se příběh starého bohatého Holanďana, který v Lisabonu umírá u prostitutky a je po úředních formalitáchposlán v rakvi letadlem do vlasti. V novele "Spořádané město" vyšetřuje komisař mravní delikt staršího muže vůči nezletilým dívkám a při výslechu vychází najevo mravní bída a vina rodičů svedených dívek. Novela "Rossio-61"zachycuje útržky hovorů různých lidí, které ukazují bídu velkoměstského podsvětí.
Record details
- Physical Description: 108, [3] s. ; 8°
- Edition: 1. vyd.
- Publisher: Praha : Odeon, 1967
Content descriptions
| General Note: | Obálka: Vladimír Nárožník 3000 výt. |
Available copies
- 1 of 1 copy available at Common Catalog SPOK.
Holds
- 0 current holds with 1 total copy.
Show Only Available Copies
| Location | Call Number / Copy Notes | Barcode | Shelving Location | Status | Due Date |
|---|---|---|---|---|---|
| KDS Library | 810 RoU | 204576801192 | Library | Available | - |
| LDR | 01509nam a22002651 4500 | ||
|---|---|---|---|
| 001 | 20874 | ||
| 003 | CZ-PrJAB | ||
| 005 | 20150710104350.0 | ||
| 008 | 970721s1967 xr cze | ||
| 015 | . | ‡acnb000144917 | |
| 035 | . | ‡a(CZ PrNK)bk196700950 | |
| 035 | . | ‡a(OCoLC)42148111 | |
| 040 | . | ‡aABA001 ‡bcze ‡cBOA001 ‡dABA001 | |
| 041 | 1 | . | ‡acze ‡hpor |
| 080 | . | ‡a869.0-321.2(469) +92 Rodrigues, U. T. ‡2undef | |
| 100 | 1 | . | ‡aRodrigues, Urbano Tavares, ‡d1923- ‡7kup19980000083454 ‡4aut |
| 245 | 1 | 0. | ‡aJitřní ptáci / ‡cUrbano Tavares Rodrigues ; Z portug. originálů As Aves da Madrugada, As Máscaras Finais a Terra Ocupada přel. a pozn. o autorovi naps. Pavla Lidmilová |
| 250 | . | ‡a1. vyd. | |
| 260 | . | ‡aPraha : ‡bOdeon, ‡c1967 ‡f(Mír 1) | |
| 300 | . | ‡a108, [3] s. ; ‡c8° | |
| 500 | . | ‡aObálka: Vladimír Nárožník | |
| 500 | . | ‡a3000 výt. | |
| 520 | . | ‡aVýbor z novelistické tvorby portugalského spisovatele (nar. 1923), zahrnující tři prózy. V novele "Jitřní ptáci" líčí se příběh starého bohatého Holanďana, který v Lisabonu umírá u prostitutky a je po úředních formalitáchposlán v rakvi letadlem do vlasti. V novele "Spořádané město" vyšetřuje komisař mravní delikt staršího muže vůči nezletilým dívkám a při výslechu vychází najevo mravní bída a vina rodičů svedených dívek. Novela "Rossio-61"zachycuje útržky hovorů různých lidí, které ukazují bídu velkoměstského podsvětí. | |
| 700 | 1 | . | ‡aLidmilová, Pavla, ‡d1932- ‡7jk01072082 ‡4trl ‡4aui |
| 910 | . | ‡aABE463 | |
| 998 | . | ‡a000144917 | |
| 901 | . | ‡a20874 ‡b ‡c20874 ‡tbiblio | |